000 00660nam a2200205Ia 4500
008 240729s9999 xx 000 0 und d
022 _a2158-3897
245 0 _aJournal of Information Policy
260 _aUnited States
260 _bPennsylvania State University
650 _a Electrical engineering. Electronics. Nuclear engineering
650 _a Industrial engineering. Management engineering
650 _a Information technology
650 _a Technology (General)
650 _a Telecommunication | Technology
650 _aTechnology
856 _uhttps://doaj.org/toc/183976df827d4e71a9a1d001c2c389a1
942 _2ddc
942 _cDOAJEJ
999 _c70928
_d70928
945 _a1
_bMadushi Gamage
_c1
_dMadushi Gamage